| 000 | 01342cad a22002295a 4500 | ||
|---|---|---|---|
| 001 | L150161 | ||
| 008 | 091215s2009 xxkd f s 000 0 eng d | ||
| 035 | _a(Sirsi) u150161 | ||
| 041 | 0 | _aeng | |
| 050 | 0 | 4 | _a333.337 $2 18 |
| 110 | 2 |
_aSavills Project Consultancy _95857 |
|
| 245 | 0 | 0 |
_aCommercial development activity _bJanuary 2010 _h[electronic resource] |
| 260 |
_aLondon _bSavills _c2010 |
||
| 490 | 0 |
_aSavills UK Commercial Development Activity _vJanuary 2010 |
|
| 520 | _aGrowth of commercial development at end of 2009 driven by continued rebound in private sector activity.Savills survey data indicated a moderate expansion of overall commercial development activity in December, extending the current period of growth to five months. Private sector development underpinned the expansion in December, while public sector activity dropped further.The Total Commercial Development Activity Index signalled the slowest rate of growth since the start of the upturn in August. | ||
| 590 | _aKA | ||
| 650 | 2 | 4 | _aSAVILLS UK COMMERCIAL DEVELOPMENT ACTIVITY PMI |
| 651 | 4 |
_aUnited Kingdom _y |
|
| 690 | _aPROPERTY-COMMERCIAL PROPERTY-COMMERCIAL PROPERTY MARKET | ||
| 856 | 4 | 0 |
_uhttps://www.savills.com/research-archive/commercial-development-activity-january-2010.pdf _zView this report free of charge at www.savills.com... |
| 942 | _n0 | ||
| 999 |
_c110761 _d110761 |
||